000 00774nam a2200229 a 4500
001 48811
003 BD-RjUL
005 20211209054605.0
008 160816s1988 b ||||| |||| 00| 0 eng d
020 _c : Tk.30.00
035 _a(BD-RjUL)48930
040 _aBD-RjUL
_bben
_cBD-RjUL
041 _aben
082 _223
_a891.441
_bSAS 1988
100 1 _aসালাহউদ্দীন, কে. এম
_9147135
245 1 0 _aসম্ভাষণ /
_cকে.এম.সালাহউদ্দীন
260 _aঢাকা :
_bসালাহউদ্দীন প্রকাশনী ,
_c১৯৮৮.
300 _a৬৪ পৃ ;
_c২২ সেমি.
650 _aবাংলা কবিতা
_9179513
650 _aBengali poetry
_9179514
942 _2ddc
_cBK
999 _c48811
_d48811